The early years of the Ordnance Survey (Record no. 95181)

MARC details
000 -LEADER
fixed length control field 00449cam a2200181 4500
001 - CONTROL NUMBER
control field D2489
008 - FIXED-LENGTH DATA ELEMENTS--GENERAL INFORMATION
fixed length control field 090401t1926 xxu||||| |||| 00| 0 eng d
035 ## - SYSTEM CONTROL NUMBER
System control number (Sirsi) u69273
041 ## - LANGUAGE CODE
Language code of text/sound track or separate title eng
050 ## - LIBRARY OF CONGRESS CALL NUMBER
Classification number 526.9809
100 ## - MAIN ENTRY--PERSONAL NAME
Personal name Close, Charles
245 #4 - TITLE STATEMENT
Title The early years of the Ordnance Survey
260 ## - PUBLICATION, DISTRIBUTION, ETC.
Place of publication, distribution, etc. Chatham Kent
Name of publisher, distributor, etc. The Institution of Royal Engineers
Date of publication, distribution, etc. 1926
300 ## - PHYSICAL DESCRIPTION
Extent 157p. 25cm
350 ## - PRICE (NR) (BK AM CF MU VM SE) [OBSOLETE]
Price 0
942 ## - ADDED ENTRY ELEMENTS (KOHA)
Suppress in OPAC 0
948 ## - LOCAL PROCESSING INFORMATION (OCLC); SERIES PART DESIGNATOR (RLIN)
c (OCLC) 04/03/1997
Holdings
Withdrawn status Lost status Source of classification or shelving scheme Damaged status Not for loan Home library Current library Shelving location Date acquired Total Checkouts Full call number Barcode Date last seen Copy number Price effective from Koha item type
    Other/Generic Classification Scheme     London London Basement 14/09/1999   RESERVE SHELVES 30008210 06/08/2019 1 06/08/2019 Book